Heat and thermodynamics (Record no. 15981)

000 -LEADER
fixed length control field 00471nam a22001937a 4500
001 - CONTROL NUMBER
control field 15981
003 - CONTROL NUMBER IDENTIFIER
control field BD-DhUET
008 - FIXED-LENGTH DATA ELEMENTS--GENERAL INFORMATION
fixed length control field 150316b xxu||||| |||| 00| 0 eng d
040 ## - CATALOGING SOURCE
Original cataloging agency DLC
Transcribing agency DLC
Modifying agency BD-DhUET
082 ## - DEWEY DECIMAL CLASSIFICATION NUMBER
Classification number 536
Item number ROB/1962
100 ## - MAIN ENTRY--PERSONAL NAME
Personal name Roberts, J. K.
245 ## - TITLE STATEMENT
Title Heat and thermodynamics
250 ## - EDITION STATEMENT
Edition statement 5th ed.
260 ## - PUBLICATION, DISTRIBUTION, ETC. (IMPRINT)
Place of publication, distribution, etc. London
Name of publisher, distributor, etc. Blackie and Son
Date of publication, distribution, etc. 1962
300 ## - PHYSICAL DESCRIPTION
Extent xx, 619p.
650 #0 - SUBJECT ADDED ENTRY--TOPICAL TERM
Topical term or geographic name as entry element Heat and thermodynamics
700 ## - ADDED ENTRY--PERSONAL NAME
Personal name Miller, A. R.
942 ## - ADDED ENTRY ELEMENTS (KOHA)
Koha item type General Book
Holdings
Koha full call number Koha date last seen Koha normalized classification for sorting Price effective from Location (home branch) Koha item type Shelving location Withdrawn status Source of classification or shelving scheme Piece designation (barcode) Date acquired Damaged status Copy number Sublocation or collection (holding branch) Not for loan Lost status
536/ROR/19622015-03-16536_000000000000000_ROR_19622015-03-16Central Library, BUETGeneral BookCirculation section  208132015-03-16 1Central Library, BUET  
536/ROR/19622015-03-21536_000000000000000_ROR_19622015-03-21Central Library, BUETGeneral BookCirculation section  16132015-03-21 2Central Library, BUET  
536/ROB/19622017-07-16536_000000000000000_ROB_19622015-03-21Central Library, BUETGeneral BookCirculation section  134562015-03-21 3Central Library, BUET  
536/ROB/19622015-03-21536_000000000000000_ROB_19622015-03-21Central Library, BUETGeneral BookCirculation section  134572015-03-21 4Central Library, BUET